书目信息 |
| 题名: |
你可能不知道的英国
|
|
| 作者: | 王春永 主编 ;朱锦平 编著 | |
| 分册: | ||
| 出版信息: | 北京 中国发展出版社 2008 |
|
| 页数: | 302页 | |
| 开本: | 24cm | |
| 丛书名: | 大国史话系列 | |
| 单 册: | ||
| 中图分类: | K956.1 | |
| 科图分类: | ||
| 主题词: | 历史 , 地理 | |
| 电子资源: | ||
| ISBN: | 978-7-80234-123-4 | |
| 000 | 00974oam2 2200301 450 | |
| 001 | 1253719725 | |
| 005 | 20121012145716.31 | |
| 010 | @a978-7-80234-123-4@dCNY33.00 | |
| 100 | @a20080424d2008 em y0chiy50 ea | |
| 101 | 0 | @achi |
| 102 | @aCN@b110000 | |
| 105 | @aa z 000yd | |
| 106 | @ar | |
| 200 | 1 | @a你可能不知道的英国@Ani ke neng bu zhi dao de ying guo@e插图本@f王春永主编@g朱锦平编著 |
| 210 | @a北京@c中国发展出版社@d2008 | |
| 215 | @a302页@d24cm | |
| 225 | 2 | @a大国史话系列 |
| 330 | @a本书从细节透视英国历史,解析英国风云变幻的兴衰之路,内容包括:大不列颠的黎明、英法的百年战争、海上霸权的争夺、重建大英帝国等。 | |
| 461 | 0 | @1001003749714 |
| 606 | 0 | @a历史 |
| 606 | 0 | @a地理 |
| 607 | @a英国 | |
| 607 | @a英国@x历史@j通俗读物 | |
| 690 | @aK956.1@v4 | |
| 701 | 0 | @a王春永@f(197?~)@Awang chun yong@4主编 |
| 702 | 0 | @a朱锦平@c(女,@f1979~)@Azhu jin ping@4编著 |
| 801 | 0 | @aCN@b110019@c20080215 |
| 905 | @a10447@dK956.1@eJY12 | |
| 你可能不知道的英国:插图本/王春永主编/朱锦平编著 .-北京:中国发展出版社,2008 |
| 302页;24cm .-(大国史话系列 ) |
| ISBN 978-7-80234-123-4:CNY33.00 |
| 本书从细节透视英国历史,解析英国风云变幻的兴衰之路,内容包括:大不列颠的黎明、英法的百年战争、海上霸权的争夺、重建大英帝国等。 |
| ● |
| 相关链接 |
|
|
|
|
正题名:你可能不知道的英国
索取号:K956.1/JY12
 
预约/预借
| 序号 | 登录号 | 条形码 | 馆藏地/架位号 | 状态 | 备注 |
| 1 | 7825687 | 278256879 | 学院路分馆/ [索取号:K956.1/JY12] | 在馆 | |
| 2 | 7825688 | 278256888 | 学院路分馆/ [索取号:K956.1/JY12] | 在馆 |